LIBRARY & INFORMATION CENTRE, KCAET, TAVANUR

ONLINE PUBLIC ACCESS CATALOGUE (OPAC)

Measurement systems: (Record no. 13673)

MARC details
000 -LEADER
fixed length control field 00335nam a2200133 4500
020 ## - INTERNATIONAL STANDARD BOOK NUMBER
ISBN 9780070699687
100 1# - MAIN ENTRY--AUTHOR NAME
Personal name Doebelin, Ernest O.
245 10 - TITLE STATEMENT
Title Measurement systems:
260 ## - PUBLICATION, DISTRIBUTION, ETC. (IMPRINT)
Place of publication New Delhi,
Name of publisher Tata McGraw-Hill
Year of publication 2007
300 ## - PHYSICAL DESCRIPTION
Number of Pages xiv, 760 p.
Other physical details illus.
650 #0 - SUBJECT ADDED ENTRY--TOPICAL TERM
Topical Term Measuring instruments
700 ## - ADDED ENTRY--PERSONAL NAME
Personal name Manik, Dhanesh N
942 ## - ADDED ENTRY ELEMENTS (KOHA)
Koha item type Books
Holdings
Withdrawn status Lost status Damaged status Collection code Home library Current library Shelving location Date acquired Source of acquisition Cost, normal purchase price Full call number Accession Number Koha item type
      Non-fiction KAUAET KAUAET General Stacks 31/03/2012 Current Books, Thrissur 495.00 621.3 DOE/ME 22541 Books
free website counter